Manual de mantenimiento industrial / L. C.Morrow (Registro nro. 24438)
[ vista simple ]
| 000 -LÍDER | |
|---|---|
| fixed length control field | 00330nam a2200121 4500 |
| 050 ## - SIGNATURA TOPOGRAFICA DE LA BIBLIOTECA DEL CONGRESO (LC) | |
| Número de Clasificación | C TS192 M294m |
| 082 ## - NUMERO DE CLASIFICACION DECIMAL DEWEY | |
| Número de Clasificación | 620.004 602 M452m |
| 100 ## - ASIENTO PRINCIPAL--NOMBRE PERSONAL | |
| Nombre personal | Morrow L. C. |
| 245 ## - TÍTULO | |
| Título | Manual de mantenimiento industrial / L. C.Morrow |
| 260 ## - PUBLICACIÓN, DISTRIBUCIÓN, ETC. (PIE DE IMPRENTA) | |
| Lugar de publicación, distribución, etc. | Mexico : continental |
| 300 ## - DESCRIPCIÓN FÍSICA | |
| Extensión | 463p/25cm. |
| 650 ## - ASIENTO SECUNDARIO DE MATERIA - TERMINO TEMÁTICO | |
| Término temático o nombre geográfico como elemento de entrada | 1.MANUAL DE MANTENIMIENTO INDUSTRIAL |
| No. biblioteca | No. biblioteca | Número de clasificación | Código de barras/Número de adquisición | Número de copia | Tipo de material |
|---|---|---|---|---|---|
| LUIS G. INCLAN | LUIS G. INCLAN | 620.004 602 M452m | 9764 | 4 | Libros |
| LUIS G. INCLAN | LUIS G. INCLAN | 620.004 602 M452m | 5092 | 1 | Libros |
| LUIS G. INCLAN | LUIS G. INCLAN | 620.004 602 M452m | 9762 | 2 | Libros |
